00644nam a22001697a 4500003000500000082000800005100002700013245009500040264003700135300003100172650004400203700004400247856005700291942001300348999001900361952009400380NUST a621 aJaffar ,Farwa 9122380 aEstimation of Drag Coefficients of Vehicle Platoons using Machine Learning /cFarwa Jaffar aIslamabad: bSMME- NUST. c2020. a50p. ;bSoft Copy, c30cm. aMS Mechanical Engineering 9119495 aSupervisor : Dr. Muhammad Sajid9119652 uhttp://10.250.8.41:8080/xmlui/handle/123456789/25860 2ddccTHE c608874d608874 00104070aSMMEbSMMEcTHEd2024-04-18l0o621pSMME-TH-625r2024-04-18w2024-04-18yTHE